Relectures; sciences de l'homme, sciences du langage
Enregistré dans:
| Auteurs principaux: | , , , |
|---|---|
| Format: | Livre |
| Langue: | français |
| Publié: |
París
Crédif
1983
|
| Sujets: | |
| Tags: |
Ajouter un tag
Pas de tags, Soyez le premier à ajouter un tag!
|
MARC
| LEADER | 00000nam a2200000 a 4500 | ||
|---|---|---|---|
| 001 | UCQ7945 | ||
| 003 | CL-VaPUC | ||
| 008 | 981121e19830000FR |||||||||||||||||fre|d | ||
| 082 | 0 | 4 | |a 410 |b COR |2 21 |
| 100 | 0 | |a Cortes, Jacques |e author |9 421761 | |
| 700 | 0 | |a Porcher, Louis |e author |9 421762 | |
| 700 | 0 | |a Abbou, André |e author |9 421763 | |
| 700 | 0 | |a Ferenczi, Victor |e author |9 421764 | |
| 245 | 1 | 0 | |a Relectures; sciences de l'homme, sciences du langage |
| 300 | |a 144 p | ||
| 942 | |c BK | ||
| 945 | |d 19981121 00:00:00 |a crobeson | ||
| 260 | |a París |b Crédif |c 1983 | ||
| 650 | 0 | |a Lingüística |9 265068 | |
| 650 | 7 | |a TEORIA LINGUISTICA |2 CL-VaPUC |9 334835 | |
| 650 | 0 | |a Ciencias sociales |9 256351 | |
| 650 | 0 | |a Clases sociales |9 256858 | |
| 650 | 7 | |a ESTRUCTURA SOCIAL |2 CL-VaPUC |9 421765 | |
| 650 | 0 | |a Sociolingüística |9 263716 | |
| 650 | 0 | |a Sociología |9 255410 | |
| 583 | |a last modification |c 19981121 00:00:00 |k Rodrigo Vera | ||
| 999 | |c 277319 |d 277317 | ||
| 952 | |0 0 |1 0 |4 0 |6 410_000000000000000_COR_1983 |7 0 |8 A |9 315206 |a FDOPOS |b FDOPOS |d 2019-11-20 |i 1495143 |o 410 COR 1983 |p 1495143 |r 2025-01-22 |w 2019-11-20 |y BK |k MLA | ||